[Event "18. Obert Int. Sant Marti 2016 - B"]
[Site "Barcelona ESP"]
[Date "2016.07.18"]
[Round "6.16"]
[White "Roche Peris, Eduard"]
[Black "Minguell Soler, Joan"]
[Result "0-1"]
[WhiteElo "1798"]
[BlackElo "1942"]
[PlyCount "54"]
[EventDate "2016.07.13"]
[EventType "swiss"]
[EventRounds "9"]
[EventCountry "ESP"]
[SourceTitle "Ajedrez en Madrid"]
[Source "lmi"]
[SourceDate "2016.07.13"]
[SourceVersion "1"]
[SourceVersionDate "2019.06.21"]
[SourceQuality "1"]

1. e4 e6 2. d4 d5 3. Nd2 Nf6 4. e5 Nfd7 5. Bd3 c5 6. c3 Nc6 7. Ne2 cxd4 8. cxd4
f6 9. exf6 Nxf6 10. O-O Bd6 11. Nf3 Qc7 12. Ng3 O-O 13. Bg5 Bd7 14. Rc1 Rae8
15. Qc2 Re7 16. Rfe1 Qb6 17. a3 Nxd4 18. Nxd4 Qxd4 19. Be3 Qh4 20. Bxa7 Ng4 21.
h3 Ne5 22. Rxe5 Bxe5 23. Bc5 Rc8 24. Qd2 Rf7 25. Be3 Rxc1+ 26. Qxc1 Bc6 27. Bg5
Qd4 0-1

[Event "18. Obert Int. Sant Marti 2016 - B"]
[Site "Barcelona ESP"]
[Date "2016.07.18"]
[Round "6.17"]
[White "Khachatryan, Tigran V."]
[Black "Lozano Ruiz, David"]
[Result "1-0"]
[WhiteElo "1936"]
[BlackElo "1796"]
[PlyCount "69"]
[EventDate "2016.07.13"]
[EventType "swiss"]
[EventRounds "9"]
[EventCountry "ESP"]
[SourceTitle "Ajedrez en Madrid"]
[Source "lmi"]
[SourceDate "2016.07.13"]
[SourceVersion "1"]
[SourceVersionDate "2019.06.21"]
[SourceQuality "1"]

1. e4 e6 2. d4 d5 3. Nc3 Nf6 4. Bg5 dxe4 5. Nxe4 Be7 6. Bxf6 gxf6 7. Nf3 f5 8.
Ng3 c5 9. Bb5+ Bd7 10. Bxd7+ Qxd7 11. O-O cxd4 12. Nxd4 Nc6 13. Nxc6 Qxc6 14.
Qd4 Rg8 15. Rad1 a6 16. Rfe1 Rd8 17. Qe5 Bd6 18. Qf6 f4 19. Ne4 Be7 20. Rxd8+
Bxd8 21. Qxf4 Kf8 22. Qh6+ Rg7 23. Qd2 Be7 24. g3 h5 25. Qf4 f5 26. Nc3 h4 27.
Qh6 Kf7 28. Ne2 hxg3 29. hxg3 Bg5 30. Qh5+ Kg8 31. Nd4 Qd5 32. Rxe6 Be7 33. Rh6
Rxg3+ 34. fxg3 Qxd4+ 35. Kf1 1-0

[Event "18. Obert Int. Sant Marti 2016 - B"]
[Site "Barcelona ESP"]
[Date "2016.07.18"]
[Round "6.18"]
[White "Alquezar Calpena, Marc"]
[Black "Martin Vilanova, Jordi"]
[Result "1-0"]
[WhiteElo "1792"]
[BlackElo "1919"]
[PlyCount "57"]
[EventDate "2016.07.13"]
[EventType "swiss"]
[EventRounds "9"]
[EventCountry "ESP"]
[SourceTitle "Ajedrez en Madrid"]
[Source "lmi"]
[SourceDate "2016.07.13"]
[SourceVersion "1"]
[SourceVersionDate "2019.06.21"]
[SourceQuality "1"]

1. e4 c5 2. Nf3 d6 3. d4 cxd4 4. Nxd4 Nf6 5. Nc3 a6 6. Bg5 e6 7. f4 Be7 8. Qf3
Nbd7 9. Bd3 Qc7 10. O-O-O b5 11. a3 Bb7 12. g4 O-O 13. f5 e5 14. Nb3 Nxe4 15.
Bxe4 Bxg5+ 16. Kb1 Bxe4 17. Nxe4 Be7 18. g5 Rac8 19. Rd2 Rfd8 20. f6 Bf8 21.
fxg7 Kxg7 22. Rf1 Nc5 23. Nbxc5 dxc5 24. Rxd8 Rxd8 25. Qh5 Rd6 26. Nf6 Rxf6 27.
gxf6+ Kh8 28. Rg1 Qd8 29. Qg5 1-0

[Event "18. Obert Int. Sant Marti 2016 - B"]
[Site "Barcelona ESP"]
[Date "2016.07.18"]
[Round "6.19"]
[White "Valarezzo Ricard, Pedro"]
[Black "Molinas Garcia, Francisco"]
[Result "1-0"]
[WhiteElo "1887"]
[BlackElo "1786"]
[PlyCount "53"]
[EventDate "2016.07.13"]
[EventType "swiss"]
[EventRounds "9"]
[EventCountry "ESP"]
[SourceTitle "Ajedrez en Madrid"]
[Source "lmi"]
[SourceDate "2016.07.13"]
[SourceVersion "1"]
[SourceVersionDate "2019.06.21"]
[SourceQuality "1"]

1. d4 Nf6 2. Nf3 g6 3. Bf4 Bg7 4. Nc3 d6 5. Qd2 h6 6. e4 c6 7. Bd3 Nfd7 8. O-O
b5 9. a3 a5 10. Ne2 Nb6 11. c3 Be6 12. d5 cxd5 13. Bxb5+ Bd7 14. Bxd7+ N8xd7
15. exd5 Nf6 16. Ned4 Nbxd5 17. Bg3 Ne4 18. Qd3 Nc5 19. Qc4 Nb6 20. Qb5+ Nbd7
21. Rfe1 Rb8 22. Qe2 Rb6 23. b4 axb4 24. axb4 Nb7 25. Ra8 Nb8 26. Rxb8 Qxb8 27.
Qxe7# 1-0

[Event "18. Obert Int. Sant Marti 2016 - B"]
[Site "Barcelona ESP"]
[Date "2016.07.18"]
[Round "6.20"]
[White "Garcia Punzano, Josep Lluis"]
[Black "Abarca Garcia, Xavier"]
[Result "1/2-1/2"]
[WhiteElo "1785"]
[BlackElo "1864"]
[PlyCount "99"]
[EventDate "2016.07.13"]
[EventType "swiss"]
[EventRounds "9"]
[EventCountry "ESP"]
[SourceTitle "Ajedrez en Madrid"]
[Source "lmi"]
[SourceDate "2016.07.13"]
[SourceVersion "1"]
[SourceVersionDate "2019.06.21"]
[SourceQuality "1"]

1. Nf3 c5 2. g3 Nc6 3. Bg2 g6 4. c4 Bg7 5. Nc3 e6 6. d3 d6 7. O-O Nge7 8. Rb1
O-O 9. a3 Rb8 10. Bf4 e5 11. Bd2 b6 12. Ne1 Bb7 13. Bg5 f6 14. Bd2 Nd4 15. Bxb7
Rxb7 16. e3 Ne6 17. Qf3 Qd7 18. Nd5 Nxd5 19. Qxd5 Kh8 20. f4 exf4 21. gxf4 f5
22. Nf3 Nd8 23. Bc3 Qc6 24. Bxg7+ Kxg7 25. Qxc6 Nxc6 26. Kf2 Re8 27. Rfe1 Rbe7
28. b4 Kf6 29. Rb2 h6 30. h4 Re6 31. b5 Na5 32. Rbe2 R6e7 33. e4 fxe4 34. Rxe4
Rxe4 35. Rxe4 Rxe4 36. dxe4 Nxc4 37. a4 Nb2 38. e5+ dxe5 39. Nxe5 Nxa4 40. Nc6
c4 41. Ke3 c3 42. Nd4 Nc5 43. Nc2 Kf5 44. Kf3 Ne6 45. Ne3+ Kf6 46. Nd5+ Kf5 47.
Ne3+ Kf6 48. Nd5+ Kf7 49. Nxc3 Ke7 50. Ke4 1/2-1/2

[Event "18. Obert Int. Sant Marti 2016 - B"]
[Site "Barcelona ESP"]
[Date "2016.07.18"]
[Round "6.21"]
[White "Pallares Gurrea, Aitor Alexander"]
[Black "Poyato Ruiz, Fernando"]
[Result "1-0"]
[WhiteElo "1752"]
[BlackElo "1840"]
[PlyCount "81"]
[EventDate "2016.07.13"]
[EventType "swiss"]
[EventRounds "9"]
[EventCountry "ESP"]
[SourceTitle "Ajedrez en Madrid"]
[Source "lmi"]
[SourceDate "2016.07.13"]
[SourceVersion "1"]
[SourceVersionDate "2019.06.21"]
[SourceQuality "1"]

1. d4 e6 2. c4 Nf6 3. Nf3 Bb4+ 4. Nbd2 d5 5. a3 Bxd2+ 6. Nxd2 c6 7. e3 O-O 8.
Bd3 Nbd7 9. O-O e5 10. cxd5 cxd5 11. Nb3 e4 12. Be2 b6 13. Bd2 a5 14. Qc2 Bb7
15. Rac1 Rc8 16. Qb1 Qe7 17. Rxc8 Rxc8 18. Rc1 Qd8 19. Na1 Rxc1+ 20. Qxc1 Qc8
21. Qxc8+ Bxc8 22. b4 axb4 23. Bxb4 Nb8 24. Bd6 Ba6 25. Bd1 Nbd7 26. Nc2 Ne8
27. Bg3 Kf8 28. Nb4 Bc4 29. f3 f5 30. Nc6 b5 31. fxe4 fxe4 32. Bg4 Ndf6 33. Be6
g6 34. Be5 h5 35. Kf2 Ng4+ 36. Bxg4 hxg4 37. Kg3 Kf7 38. Kxg4 Nf6+ 39. Bxf6
Kxf6 40. h4 Be2+ 41. Kf4 1-0

[Event "18. Obert Int. Sant Marti 2016 - B"]
[Site "Barcelona ESP"]
[Date "2016.07.18"]
[Round "6.22"]
[White "Nandhini, Saripalli"]
[Black "Martin Valentin, Francisco"]
[Result "1-0"]
[WhiteElo "1716"]
[BlackElo "1836"]
[PlyCount "113"]
[EventDate "2016.07.13"]
[EventType "swiss"]
[EventRounds "9"]
[EventCountry "ESP"]
[SourceTitle "Ajedrez en Madrid"]
[Source "lmi"]
[SourceDate "2016.07.13"]
[SourceVersion "1"]
[SourceVersionDate "2019.06.21"]
[SourceQuality "1"]

1. e4 c6 2. Nc3 d5 3. Qf3 Nf6 4. e5 Nfd7 5. d4 e6 6. Qg3 a6 7. Nf3 c5 8. dxc5
Nxc5 9. Be3 Qc7 10. O-O-O b5 11. Bxc5 Qxc5 12. Kb1 Bd7 13. Bd3 Nc6 14. Qf4 h6
15. h4 Qb4 16. Qxb4 Bxb4 17. Ne2 Bc5 18. Rhf1 Ke7 19. h5 Bb6 20. Nf4 Nb4 21. a3
Nxd3 22. cxd3 Rhc8 23. d4 Rc7 24. Rc1 Rac8 25. Rxc7 Rxc7 26. Rc1 Be8 27. Nd3
Rxc1+ 28. Kxc1 f6 29. g4 f5 30. gxf5 Bxh5 31. Nh4 Bf7 32. Nb4 a5 33. Nc2 Kd7
34. Kd2 exf5 35. Nxf5 Bg6 36. Nxg7 Bxc2 37. Kxc2 Bxd4 38. e6+ Kd8 39. e7+ Kxe7
40. Nf5+ Kf6 41. Nxd4 Ke5 42. Kd3 Kf4 43. Nxb5 Kf3 44. Nd4+ Kf4 45. b4 axb4 46.
axb4 h5 47. b5 Ke5 48. Ke3 h4 49. f4+ Kd6 50. f5 h3 51. Kf3 Kc5 52. f6 Kxd4 53.
f7 Kc4 54. f8=Q Kxb5 55. Qh6 Kc4 56. Ke2 h2 57. Qxh2 1-0

[Event "18. Obert Int. Sant Marti 2016 - B"]
[Site "Barcelona ESP"]
[Date "2016.07.18"]
[Round "6.23"]
[White "Martinez Balaguer, Josep"]
[Black "Valbuena Castro, Gregorio"]
[Result "0-1"]
[WhiteElo "1834"]
[BlackElo "1724"]
[PlyCount "114"]
[EventDate "2016.07.13"]
[EventType "swiss"]
[EventRounds "9"]
[EventCountry "ESP"]
[SourceTitle "Ajedrez en Madrid"]
[Source "lmi"]
[SourceDate "2016.07.13"]
[SourceVersion "1"]
[SourceVersionDate "2019.06.21"]
[SourceQuality "1"]

1. c4 Nf6 2. Nc3 c5 3. Nf3 Nc6 4. d4 cxd4 5. Nxd4 d6 6. g3 e5 7. Nc2 Be6 8. Ne3
Be7 9. Bg2 O-O 10. O-O a6 11. Ned5 Nd4 12. Be3 Bxd5 13. Nxd5 Nxd5 14. Bxd5 Nf5
15. Bd2 Qb6 16. Bc3 Bf6 17. Qd3 Ne7 18. Bg2 Rfd8 19. Qd2 Nc6 20. Qd5 Rac8 21.
b3 Qc5 22. Qf3 e4 23. Qxe4 Bxc3 24. Rad1 Qe5 25. Qc2 Nb4 26. Qb1 Qxe2 27. Rc1
Bd2 28. Rcd1 Bc3 29. Rc1 Bd4 30. Rcd1 Bb6 31. a3 Nc6 32. Qf5 Qe5 33. Qg4 Qf6
34. Rd5 Ne5 35. Qh5 Re8 36. Qd1 Re6 37. Kh1 Rce8 38. Bh3 R6e7 39. Rxd6 Re6 40.
Bxe6 Rxe6 41. Rd5 g6 42. c5 Bc7 43. f4 Nc6 44. Rd7 Re7 45. Rd5 b6 46. f5 Ne5
47. fxg6 Qxg6 48. Rf4 Qc6 49. b4 Rd7 50. Rg4+ Kf8 51. Rgd4 Nc4 52. Qh5 Ne3 53.
Qxh7 Rxd5 54. Qh8+ Ke7 55. Re4+ Re5 56. Qh4+ Kd7 57. Qh3+ Re6 0-1

[Event "18. Obert Int. Sant Marti 2016 - B"]
[Site "Barcelona ESP"]
[Date "2016.07.18"]
[Round "6.24"]
[White "Sanchez Paz, Josep"]
[Black "Serra Vilaro, Agustin"]
[Result "0-1"]
[WhiteElo "1709"]
[BlackElo "1829"]
[PlyCount "98"]
[EventDate "2016.07.13"]
[EventType "swiss"]
[EventRounds "9"]
[EventCountry "ESP"]
[SourceTitle "Ajedrez en Madrid"]
[Source "lmi"]
[SourceDate "2016.07.13"]
[SourceVersion "1"]
[SourceVersionDate "2019.06.21"]
[SourceQuality "1"]

1. d4 e6 2. c4 f5 3. Nc3 Nf6 4. Qc2 d5 5. e3 c6 6. Nf3 Bd6 7. Bd3 O-O 8. Bd2
Ne4 9. h4 Nd7 10. Ng5 Ndf6 11. Ngxe4 Nxe4 12. Ke2 Qf6 13. Rag1 Bd7 14. Be1 h5
15. g3 a6 16. Na4 Bc7 17. c5 Qf7 18. f3 Nf6 19. Kd1 g6 20. Qe2 e5 21. g4 hxg4
22. fxg4 e4 23. Bc2 Nxg4 24. Kc1 Rae8 25. Bd1 Kg7 26. Rf1 Qe6 27. Nb6 Bxb6 28.
cxb6 Rf6 29. Bg3 Rh8 30. Qd2 Rhf8 31. Bxg4 fxg4 32. Rxf6 Rxf6 33. Be5 Kh6 34.
Bxf6 Qxf6 35. Qe2 Qf3 36. Rh2 Qxe2 37. Rxe2 Kh5 38. Kd1 g3 39. Ke1 Kxh4 40. Kf1
c5 41. Rc2 cxd4 42. exd4 Bb5+ 43. Kg2 e3 44. b3 e2 45. Rc1 Kg4 46. a4 Bd3 47.
Re1 Kf4 48. b4 Be4+ 49. Kg1 Ke3 0-1

[Event "18. Obert Int. Sant Marti 2016 - B"]
[Site "Barcelona ESP"]
[Date "2016.07.18"]
[Round "6.25"]
[White "Corominas Garrido, Antonio"]
[Black "Escofet Llongueras, Joan"]
[Result "1-0"]
[WhiteElo "1824"]
[BlackElo "1716"]
[PlyCount "93"]
[EventDate "2016.07.13"]
[EventType "swiss"]
[EventRounds "9"]
[EventCountry "ESP"]
[SourceTitle "Ajedrez en Madrid"]
[Source "lmi"]
[SourceDate "2016.07.13"]
[SourceVersion "1"]
[SourceVersionDate "2019.06.21"]
[SourceQuality "1"]

1. c4 Nf6 2. Nc3 g6 3. g3 Bg7 4. Bg2 c6 5. Nf3 d5 6. cxd5 Nxd5 7. O-O O-O 8. d4
Nd7 9. Nxd5 cxd5 10. Bf4 Nb6 11. b3 Bd7 12. Rc1 Rc8 13. Qd2 f6 14. h4 Bg4 15.
Rxc8 Qxc8 16. Rc1 Qf5 17. Rc7 e5 18. dxe5 fxe5 19. Rxg7+ Kxg7 20. Bh6+ Kg8 21.
Bxf8 Kxf8 22. Qc1 e4 23. Qc5+ Kg8 24. Nd4 Qf8 25. Qc7 Qg7 26. Qb8+ Nc8 27. Nb5
a6 28. Nd6 Qd7 29. Nxb7 Qb5 30. e3 Qb6 31. Bf1 Kg7 32. Qe5+ Qf6 33. Qxf6+ Kxf6
34. Bxa6 Ke5 35. Kf1 d4 36. exd4+ Kxd4 37. Bc4 e3 38. f4 Bf3 39. Nd8 Nd6 40.
Ne6+ Kc3 41. Ng5 Nxc4 42. Nxf3 Nd2+ 43. Ke2 Nxf3 44. Kxe3 Nd4 45. g4 h5 46.
gxh5 gxh5 47. Ke4 1-0

[Event "18. Obert Int. Sant Marti 2016 - B"]
[Site "Barcelona ESP"]
[Date "2016.07.18"]
[Round "6.26"]
[White "Grasa Solanas, Oscar"]
[Black "Julia Yebra, David"]
[Result "1-0"]
[WhiteElo "1637"]
[BlackElo "1822"]
[PlyCount "105"]
[EventDate "2016.07.13"]
[EventType "swiss"]
[EventRounds "9"]
[EventCountry "ESP"]
[SourceTitle "Ajedrez en Madrid"]
[Source "lmi"]
[SourceDate "2016.07.13"]
[SourceVersion "1"]
[SourceVersionDate "2019.06.21"]
[SourceQuality "1"]

1. c4 d6 2. Nc3 Nf6 3. d4 c6 4. e4 Qa5 5. Bd3 e5 6. Be3 Nbd7 7. Nf3 Be7 8. O-O
O-O 9. Rb1 Qc7 10. b4 Ng4 11. h3 Ngf6 12. Nh2 exd4 13. Bxd4 Ne5 14. f4 Nxd3 15.
Qxd3 Rd8 16. Qe2 Bf8 17. f5 Qe7 18. Ng4 Nxg4 19. Qxg4 f6 20. Be3 d5 21. Bc5 Qe5
22. Bxf8 Rxf8 23. Rbc1 dxe4 24. Nxe4 a5 25. a3 axb4 26. axb4 h5 27. Qf3 Ra2 28.
Kh1 h4 29. c5 Qb2 30. Rb1 Qe2 31. Qb3+ Kh8 32. Rf2 Qxe4 33. Qxa2 Bxf5 34. Rbf1
Be6 35. Qd2 Bd5 36. Rf4 Qe6 37. Rxh4+ Kg8 38. Qd3 f5 39. Rhf4 g6 40. Qc3 g5 41.
R4f2 f4 42. Re1 Qh6 43. Re5 g4 44. Kg1 g3 45. Rf1 Qg6 46. Qd2 Bc4 47. Rfe1 Ra8
48. Qd7 Bf7 49. h4 Kf8 50. Qe7+ Kg7 51. Rg5 Re8 52. Rxg6+ Kxg6 53. Qxe8 1-0

[Event "18. Obert Int. Sant Marti 2016 - B"]
[Site "Barcelona ESP"]
[Date "2016.07.18"]
[Round "6.27"]
[White "Volart Buil, Jordi"]
[Black "Maqueda Berdugo, Francisco"]
[Result "1-0"]
[WhiteElo "1819"]
[BlackElo "1696"]
[PlyCount "51"]
[EventDate "2016.07.13"]
[EventType "swiss"]
[EventRounds "9"]
[EventCountry "ESP"]
[SourceTitle "Ajedrez en Madrid"]
[Source "lmi"]
[SourceDate "2016.07.13"]
[SourceVersion "1"]
[SourceVersionDate "2019.06.21"]
[SourceQuality "1"]

1. d4 d5 2. c4 e6 3. a3 Nf6 4. Nc3 Be7 5. Nf3 O-O 6. Qc2 Nbd7 7. cxd5 exd5 8.
Bf4 c6 9. e3 Re8 10. Bd3 Nf8 11. O-O Ng6 12. Ne2 Bd6 13. Bxd6 Qxd6 14. Ng3 Bg4
15. Bxg6 hxg6 16. Ne5 Be6 17. h3 Nd7 18. f4 Nxe5 19. fxe5 Qd7 20. Kh2 Kf8 21.
Qxg6 Kg8 22. Qg5 Qe7 23. Rf6 Kf8 24. Nh5 Qd7 25. Nxg7 Rec8 26. Nxe6+ 1-0

[Event "18. Obert Int. Sant Marti 2016 - B"]
[Site "Barcelona ESP"]
[Date "2016.07.18"]
[Round "6.28"]
[White "Grindbakken, Erik"]
[Black "Colom Andres, Xavier"]
[Result "1-0"]
[WhiteElo "1610"]
[BlackElo "1812"]
[PlyCount "121"]
[EventDate "2016.07.13"]
[EventType "swiss"]
[EventRounds "9"]
[EventCountry "ESP"]
[SourceTitle "Ajedrez en Madrid"]
[Source "lmi"]
[SourceDate "2016.07.13"]
[SourceVersion "1"]
[SourceVersionDate "2019.06.21"]
[SourceQuality "1"]

1. c4 c5 2. Nc3 Nc6 3. Nf3 Nf6 4. g3 g6 5. Bg2 Bg7 6. d4 cxd4 7. Nxd4 e6 8.
Ndb5 O-O 9. Nd6 a6 10. O-O Ne8 11. Nce4 Nxd6 12. Nxd6 Rb8 13. Rb1 b5 14. c5 Ne7
15. b4 Nf5 16. Bb2 Bxb2 17. Rxb2 Nxd6 18. Qxd6 Bb7 19. Bxb7 Rxb7 20. Qxa6 Qb8
21. Rd1 Rc8 22. Qd6 Qa7 23. Qe5 Qb8 24. Qxb8 Rcxb8 25. Rbd2 Ra7 26. e3 Rbb7 27.
Kg2 Kf8 28. Kf3 Ke7 29. Kf4 Ra4 30. Rb2 Rc7 31. Kf3 Rca7 32. Rdd2 f6 33. Ke2
R7a6 34. f4 Ra3 35. g4 R6a4 36. h4 Rc3 37. Rd3 Rc1 38. Rbd2 Ra7 39. Kf3 Ra1 40.
Rd6 Rf1+ 41. Kg2 Ra1 42. Rb6 R1xa2 43. Rxa2 Rxa2+ 44. Kf3 Kd8 45. Rxb5 Kc7 46.
Rb6 f5 47. g5 Rc2 48. Ra6 Rc4 49. Ra7+ Kc8 50. Ra8+ Kc7 51. Rh8 e5 52. Rxh7
exf4 53. exf4 Rxb4 54. Rh6 Rb3+ 55. Ke2 Rb2+ 56. Kd3 Rb4 57. Rxg6 Rxf4 58. h5
Rh4 59. h6 Kd8 60. Rg7 Kc7 61. h7 1-0

[Event "18. Obert Int. Sant Marti 2016 - B"]
[Site "Barcelona ESP"]
[Date "2016.07.18"]
[Round "6.29"]
[White "Franzoni Ladron, Enric"]
[Black "Brunet Gil, Pol"]
[Result "0-1"]
[WhiteElo "1811"]
[BlackElo "1524"]
[PlyCount "100"]
[EventDate "2016.07.13"]
[EventType "swiss"]
[EventRounds "9"]
[EventCountry "ESP"]
[SourceTitle "Ajedrez en Madrid"]
[Source "lmi"]
[SourceDate "2016.07.13"]
[SourceVersion "1"]
[SourceVersionDate "2019.06.21"]
[SourceQuality "1"]

1. e4 c5 2. Nf3 Nc6 3. d4 cxd4 4. Nxd4 e5 5. Nb5 a6 6. Nd6+ Bxd6 7. Qxd6 Qf6 8.
Qd1 Qg6 9. Nc3 d5 10. Nxd5 Qxe4+ 11. Ne3 Qd4 12. Bd2 Be6 13. Bd3 Nge7 14. Bc3
Qd7 15. O-O O-O 16. Qe2 Rfd8 17. Rfd1 Qc7 18. h3 Rd7 19. Nc4 f6 20. f4 Nd5 21.
Bd2 Nd4 22. Qf2 Nxf4 23. Bxf4 Bxc4 24. Bxc4+ Qxc4 25. Be3 Rad8 26. Rd2 Nc6 27.
Rxd7 Rxd7 28. b3 Qc3 29. Rf1 Nb4 30. a3 Nc6 31. Re1 Nd4 32. Rd1 Kf7 33. Bxd4
Rxd4 34. Rxd4 Qxd4 35. Qxd4 exd4 36. Kf2 Ke6 37. Ke2 Ke5 38. Kd3 Kd5 39. a4 a5
40. h4 h5 41. c4+ dxc3 42. Kxc3 Kc5 43. g3 g5 44. Kd3 Kb4 45. Ke4 Kxb3 46. Kf5
gxh4 47. gxh4 Kxa4 48. Kxf6 Kb5 49. Kg5 a4 50. Kxh5 a3 0-1

[Event "18. Obert Int. Sant Marti 2016 - B"]
[Site "Barcelona ESP"]
[Date "2016.07.18"]
[Round "6.30"]
[White "Pujal Moncho, Joaquim"]
[Black "Martos Martin, Josep Angel"]
[Result "0-1"]
[WhiteElo "1805"]
[BlackElo "1981"]
[PlyCount "60"]
[EventDate "2016.07.13"]
[EventType "swiss"]
[EventRounds "9"]
[EventCountry "ESP"]
[SourceTitle "Ajedrez en Madrid"]
[Source "lmi"]
[SourceDate "2016.07.13"]
[SourceVersion "1"]
[SourceVersionDate "2019.06.21"]
[SourceQuality "1"]

1. c4 e5 2. e4 Nc6 3. g3 Bc5 4. Nc3 d6 5. Bg2 Nf6 6. Nf3 Bg4 7. d3 Nd4 8. h3
Bh5 9. Bg5 c6 10. g4 Bg6 11. Be3 Qb6 12. Rb1 Ne6 13. Bxc5 Nxc5 14. b4 Ne6 15.
Ne2 O-O 16. O-O Qc7 17. Nh4 Rad8 18. Rc1 h5 19. f4 exf4 20. Nxg6 fxg6 21. gxh5
Nxh5 22. Bf3 Nf6 23. d4 Nh5 24. Bg4 Qe7 25. d5 Ng5 26. Bxh5 Nxh3+ 27. Kh2 Qh4
28. Qe1 Qxh5 29. Ng3 fxg3+ 30. Qxg3 Nf4+ 0-1

[Event "18. Obert Int. Sant Marti 2016 - B"]
[Site "Barcelona ESP"]
[Date "2016.07.18"]
[Round "6.31"]
[White "Moreno Oller, Victor"]
[Black "Quero Ortega, Juan"]
[Result "1/2-1/2"]
[WhiteElo "1380"]
[BlackElo "1805"]
[PlyCount "73"]
[EventDate "2016.07.13"]
[EventType "swiss"]
[EventRounds "9"]
[EventCountry "ESP"]
[SourceTitle "Ajedrez en Madrid"]
[Source "lmi"]
[SourceDate "2016.07.13"]
[SourceVersion "1"]
[SourceVersionDate "2019.06.21"]
[SourceQuality "1"]

1. Nf3 g6 2. g3 Bg7 3. Bg2 Nf6 4. O-O O-O 5. d3 d6 6. e4 e5 7. Nc3 c6 8. Ne2
Nbd7 9. a3 Nc5 10. b4 Ne6 11. Bb2 Bd7 12. c4 c5 13. Rc1 b6 14. Nd2 Rc8 15. b5
h5 16. h4 Ng4 17. Qa4 Ra8 18. Qb3 Bh6 19. Rcd1 Bxd2 20. Rxd2 Nf4 21. Nxf4 exf4
22. Qc3 f6 23. gxf4 Rc8 24. e5 fxe5 25. fxe5 Qxh4 26. Bd5+ Kh7 27. f3 Nxe5 28.
Rh2 Qd4+ 29. Qxd4 cxd4 30. Bxd4 Nxd3 31. Be4 Bf5 32. Bd5 Nf4 33. Re1 Rce8 34.
Rxe8 Rxe8 35. Bf6 Nh3+ 36. Kg2 Nf4+ 37. Kg3 1/2-1/2

[Event "18. Obert Int. Sant Marti 2016 - B"]
[Site "Barcelona ESP"]
[Date "2016.07.18"]
[Round "6.32"]
[White "Martinez Hernandez, Emili"]
[Black "Cassi De La Viuda, Alex"]
[Result "1-0"]
[WhiteElo "1796"]
[BlackElo "1330"]
[PlyCount "55"]
[EventDate "2016.07.13"]
[EventType "swiss"]
[EventRounds "9"]
[EventCountry "ESP"]
[SourceTitle "Ajedrez en Madrid"]
[Source "lmi"]
[SourceDate "2016.07.13"]
[SourceVersion "1"]
[SourceVersionDate "2019.06.21"]
[SourceQuality "1"]

1. Nf3 Nf6 2. c4 e6 3. g3 d5 4. Bg2 Nc6 5. cxd5 Nxd5 6. O-O Bd6 7. Nc3 O-O 8.
Qb3 Nxc3 9. dxc3 h6 10. Rd1 Qe7 11. Nd4 Nxd4 12. cxd4 f5 13. e4 Qf7 14. e5 Be7
15. d5 Kh8 16. dxe6 Bxe6 17. Qxb7 Bxa2 18. Qxc7 Rad8 19. Be3 Bb3 20. Rd7 Rxd7
21. Qxd7 Rd8 22. Qxa7 Qe6 23. Qc7 Bd5 24. Rd1 Rc8 25. Bxd5 Rxc7 26. Bxe6 Bc5
27. Bxf5 Bxe3 28. Rd8# 1-0

[Event "18. Obert Int. Sant Marti 2016 - B"]
[Site "Barcelona ESP"]
[Date "2016.07.18"]
[Round "6.33"]
[White "Romero Gamez, Francisco Javier"]
[Black "Reixach Ministral, Eduard"]
[Result "1/2-1/2"]
[WhiteElo "1649"]
[BlackElo "1870"]
[PlyCount "61"]
[EventDate "2016.07.13"]
[EventType "swiss"]
[EventRounds "9"]
[EventCountry "ESP"]
[SourceTitle "Ajedrez en Madrid"]
[Source "lmi"]
[SourceDate "2016.07.13"]
[SourceVersion "1"]
[SourceVersionDate "2019.06.21"]
[SourceQuality "1"]

1. e4 e6 2. d4 d5 3. exd5 exd5 4. Nf3 Nc6 5. Bd3 Bg4 6. c3 Bd6 7. O-O Qd7 8.
Nbd2 Nf6 9. Re1+ Ne7 10. b4 O-O 11. Nf1 h6 12. a4 Rfe8 13. b5 c5 14. Ba3 b6 15.
Ng3 Nf5 16. Nxf5 Bxf5 17. Rxe8+ Rxe8 18. Qc2 Bxd3 19. Qxd3 c4 20. Qd2 Bxa3 21.
Rxa3 Qe7 22. Ra1 Qe2 23. Re1 Qxd2 24. Rxe8+ Nxe8 25. Nxd2 Nd6 26. f3 f5 27. Nb1
f4 28. Na3 Nf5 29. Nc2 Kf7 30. Kf2 g5 31. g4 1/2-1/2

[Event "18. Obert Int. Sant Marti 2016 - B"]
[Site "Barcelona ESP"]
[Date "2016.07.18"]
[Round "6.34"]
[White "Salazar Navas, Josep"]
[Black "Sanchez Coves, Juan Josep"]
[Result "1-0"]
[WhiteElo "1790"]
[BlackElo "1610"]
[PlyCount "29"]
[EventDate "2016.07.13"]
[EventType "swiss"]
[EventRounds "9"]
[EventCountry "ESP"]
[SourceTitle "Ajedrez en Madrid"]
[Source "lmi"]
[SourceDate "2016.07.13"]
[SourceVersion "1"]
[SourceVersionDate "2019.06.21"]
[SourceQuality "1"]

1. e4 c5 2. Nc3 Nc6 3. g3 e6 4. Bg2 g6 5. d3 Bg7 6. Be3 d6 7. Qd2 Nge7 8. Bh6
O-O 9. h4 a6 10. h5 Re8 11. hxg6 Bxc3 12. gxh7+ Kh8 13. bxc3 Qa5 14. Bg7+ Kxg7
15. Qh6+ 1-0

[Event "18. Obert Int. Sant Marti 2016 - B"]
[Site "Barcelona ESP"]
[Date "2016.07.18"]
[Round "6.35"]
[White "Rodriguez Beltran, Fernando"]
[Black "Romero Funieles, Rafael"]
[Result "0-1"]
[WhiteElo "1602"]
[BlackElo "1774"]
[PlyCount "74"]
[EventDate "2016.07.13"]
[EventType "swiss"]
[EventRounds "9"]
[EventCountry "ESP"]
[SourceTitle "Ajedrez en Madrid"]
[Source "lmi"]
[SourceDate "2016.07.13"]
[SourceVersion "1"]
[SourceVersionDate "2019.06.21"]
[SourceQuality "1"]

1. d4 e6 2. c4 Be7 3. Nc3 Nf6 4. Nf3 h6 5. e4 d6 6. Bd3 Nc6 7. O-O e5 8. d5 Nb8
9. h3 c6 10. Re1 Na6 11. a3 Nc5 12. Bc2 Bd7 13. b4 Na6 14. Bd3 cxd5 15. cxd5
Rc8 16. Bb2 Nc7 17. Rc1 O-O 18. Ne2 a6 19. Nd2 Nh5 20. Nc4 Nb5 21. Na5 Rxc1 22.
Nxc1 Nf4 23. Bf1 Qb6 24. Nd3 Bh4 25. Qd2 Nxd3 26. Bxd3 f5 27. Qe3 Qxe3 28. Rxe3
fxe4 29. Rxe4 Bxf2+ 30. Kh2 Bf5 31. Nxb7 Bxe4 32. Bxe4 Bd4 33. Bxd4 exd4 34.
Na5 Nxa3 35. Nc6 Re8 36. Bd3 Re3 37. Bxa6 d3 0-1